| 000 | 00390cam a2200145ua 4500 | ||
|---|---|---|---|
| 041 |
_aeng _h |
||
| 082 |
_a690.24 _bIND/CO |
||
| 100 | _aIndian Standard Institution, . | ||
| 245 | 0 | 0 | _aCode of practice for roofing with Mangalore tiles,IS:2858-1984 |
| 260 |
_aNew Delhi : _bIndian Standards Institution , _c1985. |
||
| 300 | _a18 ; . | ||
| 504 | _a | ||
| 942 | _cBK | ||
| 999 |
_c4570 _d4570 |
||